Real Madryt czy FC Barcelona - Statystyki

Ogólne statystyki
  • Ten quiz został rozwiązany 555 razy
  • Średni wynik to 6 z 7
Statystyki odpowiedzi
Zagadnienie Odpowiedź % Poprawnych
W którym klubie gra 2 Polaków FCB
98%
Który klub zdobył więcej razy ligę mistrzów RMA
98%
W ktorym z tych klubów gra Luka Modrić RMA
97%
Który z tych klubów ma droższych piłkarzy RMA
88%
Który klub wygrał ligę konferencji żaden
78%
Który klub wygrał najwięcej razy LA LIGĘ RMA
77%
Który z klubów zajął wyższe miejsce w Champions League 24/25 FCB
73%
Nie znaleziono quizów pasujących do podanych kryteriów
Rozkład punktacji
Procent ludzi z każdym wynikiem
Percentyl według liczby udzielonych odpowiedzi
Twoja historia wyników
Nie rozwiązałeś tego quizu